Tratado marítimo del trabajo

Uloženo v:
Podrobná bibliografie
Médium: Kniha
Jazyk:španělština
Vydáno: Santiago Revista Técnica del Trabajo y Previsión Social 1969
Témata:
Tagy: Přidat tag
Žádné tagy, Buďte první, kdo vytvoří štítek k tomuto záznamu!

MARC

LEADER 00000nam a2200000 a 4500
001 UCS3257
003 CL-VaPUC
008 970620e19690000CL |||||||||||||||||spa|d
082 0 4 |a 343.096  |b TRA  |2 21 
245 1 0 |a Tratado marítimo del trabajo 
300 |a 262 h 
942 |c BK 
945 |d 19970620 00:00:00  |a lriquelm 
260 |a Santiago  |b Revista Técnica del Trabajo y Previsión Social  |c 1969 
650 7 |a TRATADOS  |2 CL-VaPUC  |9 389224 
650 7 |a TRABAJADORES MARITIMOS  |2 CL-VaPUC  |9 389225 
650 7 |a NAVES  |2 CL-VaPUC  |9 380983 
650 7 |a REGLAMENTACIONES  |2 CL-VaPUC  |9 338372 
650 0 |a Puertos  |9 260105 
650 7 |a CONTRATO DE TRABAJO  |2 CL-VaPUC  |9 389226 
650 7 |a CONTRATOS MARITIMOS  |2 CL-VaPUC  |9 255551 
650 0 |a Seguridad en el trabajo  |9 339687 
650 0 |a Bienestar social   |9 255298 
650 7 |a SINDICATO  |2 CL-VaPUC  |9 371680 
583 |a last modification  |c 19970620 00:00:00  |k Rodrigo Vera 
999 |c 261003  |d 261001 
952 |0 0  |1 0  |4 0  |6 343_096000000000000_TRA_1969  |7 0  |8 A  |9 287758  |a BIBDER  |b BIBDER  |d 2019-11-19  |i 1866540  |o 343.096 TRA 1969  |p 1866540  |r 2023-01-25  |w 2019-11-19  |y BK  |k DER 
952 |0 0  |1 0  |4 0  |6 343_096000000000000_TRA_1969  |7 0  |8 A  |9 287759  |a BIBDER  |b BIBDER  |d 2019-11-19  |i 1866567  |o 343.096 TRA 1969  |p 1866567  |r 2019-11-19  |w 2019-11-19  |y BK  |k DER